000 00826cam a2200241 a 4500
001 000004600
005 20200929151452.0
008 770922s1957 ag 000 f spa
040 _aDO-SdBNP
_bspa
_cBNPHU
041 1 7 _aspa
_hfre
082 _a842.nn.
_bS251d, 1957
100 1 _aSartre, Jean-Paul,
_d1905-1980.
_913414
240 1 3 _aLe diable et le don dieu.
_lEspañol.
245 1 3 _aEl diablo y Dios :
_btres actos y once cuadros /
_cJean-Paul Sartre ; traducción, Jorge Zalamea.
250 _a2a ed.
260 _aBuenos Aires :
_bLosada,
_c1957.
300 _a159 p. ;
_c21 cm.
440 0 _aTeatro
_pgran teatro del mundo.
_913415
534 _aTítulo original francés:
_tLe diable et le don dieu.
650 4 _aTeatro francés
_95359
650 4 _aLiteratura francesa
_91074
700 1 _aZalamea, Jorge,
_etr.
_913416
999 _c4408
_d4408